Копия высочайшего указа на имя министра финансов Федора Павловича Вронченко о пожаловании после кончины князя Иллариона Васильев...

Доступно только в Электронных читальных залах Найти на картеНа карте
RUSMARC
00003637nmc2a2200000 x 450
001dc0154fa-2d6b-4b49-9dc1-f38220a04525
00520151218083139.0
100##$a20150629l18471847k l0rusy0189 ca
1010#$arus
102##$aRU
2001#$aКопия высочайшего указа на имя министра финансов Федора Павловича Вронченко о пожаловании после кончины князя Иллариона Васильевича Васильчикова его вдове Татьяне Васильевне и дочерям Софье и Ольге пенсии и письмо Ф.П. Вронченко к Т.В. Васильчиковой о том же
$j6 марта 1847 г.; 8 марта 1847 г.
251##$cДело
300##$aДело
801#0$aRU
$bРГИА
$c20150629
$gRCR
801#1$aRU
$bГлавНИВЦ
$c20150629
$2rusmarc
801#2$aRU
$bПБ им. Б.Н. Ельцина
$c20151218
$gRCR
$2rusmarc
850##$aРГИА
852##$aРГИА
$eФедеральное казенное учреждение "Российский государственный исторический архив" (РГИА)
$j333
937##$hРГИА
$d12146761
$aASBIBLIO_SCAN
462#0$1001822e29f6-cf5c-4253-b938-c1de610979e5
$12001
$aАрхив князей Васильчиковых. 1706-1917 гг.
$1251
$cОпись
$1852
$j1
461#0$1001f72a1ecb-9a9a-44e3-87ff-4a647e6521fe
$12001
$aВасильчиковы, князья
$1251
$cФонд
$1852
$j651
215##$a3 л.
$d36,5х26 см
371##$aДокумент не является опубликованным и широко распространяемым
105##$ay###
1221#$ad
035##$adc0154fa-2d6b-4b49-9dc1-f38220a04525
Формат отображения